Statistics for People in History A-Z #2

Click here to take the quiz!

General Stats

  • This quiz has been taken 30,726 times
    (30,539 since last reset)
  • The average score is 17 of 26

Answer Stats

LetterHintAnswer% Correct
CBritish Prime Minister in WWIIWinston Churchill
97%
BDeaf German composerLudwig van Beethoven
96%
KU.S. civil rights activist who "had a dream"Martin Luther King Jr.
96%
N17th century physicist who discovered gravityIsaac Newton
94%
LRussian communist revolutionary who replaced Russia with the USSRVladimir Lenin
92%
TFirst female British Prime MinisterMargaret Thatcher
91%
RU.S. President during WWIIFranklin D. Roosevelt
91%
GItalian Renaissance astronomer who discovered moons of JupiterGalileo Galilei
90%
HAncient Greek Poet who wrote the Iliad and the OdysseyHomer
90%
FAustrian pioneer of psychoanalysisSigmund Freud
85%
JU.S. President who wrote the Declaration of IndependenceThomas Jefferson
84%
OBritish author who wrote "Animal Farm" and "Nineteen Eighty-Four"George Orwell
83%
AFirst Roman Emperor, previously named OctavianAugustus
79%
WNorman conqueror who won the Battle of HastingsWilliam the Conqueror
69%
EInventor nicknamed the "Wizard of Menlo Park"Thomas Alva Edison
67%
MPortuguese explorer who started the first circumnavigation of the worldFerdinand Magellan
65%
SRoman slave and gladiator who led the slave uprisingSpartacus
65%
PFrench chemist who discovered that germs cause diseaseLouis Pasteur
59%
DKing who ruled Persia at its peakDarius I
44%
VAncient Roman poet who wrote the AeneidVirgil
39%
YTop Japanese admiral during WWIIIsoroku Yamamoto
32%
ZAssociated with a telegram in which he asked Mexico to fight the U.S.Arthur Zimmerman
27%
QPresident of the Philippines and namesake of a cityManuel Quezon
25%
USecond modern king of ItalyUmberto
24%
IEgyptian sometimes credited as history's first architect and doctorImhotep
19%
XLeader of the school of Athens during the time of AlexanderXenocrates
3%

Score Distribution

Percentile by Number Answered

Percent of People with Each Score

Your Score History

You have not taken this quiz since the last reset